header

Patriarchy in East Asia (Record no. 61426)

MARC details
000 -LEADER
fixed length control field 01516nam a2200373Ia 4500
082 04 - DEWEY DECIMAL CLASSIFICATION NUMBER
Classification number 306.85/8095
100 1# - MAIN ENTRY--AUTHOR NAME
Personal name Sechiyama, Kaku,
245 10 - TITLE STATEMENT
Title Patriarchy in East Asia
260 ## - PUBLICATION, DISTRIBUTION, ETC. (IMPRINT)
Place of publication Leiden, The Netherlands ;
-- Boston, MA :
Name of publisher BRILL,
Year of publication c2013.
300 ## - PHYSICAL DESCRIPTION
Number of Pages xvi, 329 p. :
Other physical details ill.
490 0# - SERIES STATEMENT
Series statement The intimate and the public in Asian and global perspectives
650 #0 - SUBJECT ADDED ENTRY--TOPICAL TERM
Topical Term Patriarchy
Topical Term Families
Topical Term Social discrimination
Topical Term Married women
856 40 - ELECTRONIC LOCATION AND ACCESS
Uniform Resource Identifier http://site.ebrary.com/lib/rucke/Doc?id=10667748

No items available.

© 2026 Rongo University
Contact us: librarian | system librarian | Rongo university